| 000 | 01049nam a2200277 i 4500 | ||
|---|---|---|---|
| 001 | bg | ||
| 245 | 0 | 0 |
_aProblem dostosowania polskich przedsiębiorstw do standardów europejskich / _cpod red. Tadeusza P. Tkaczyka. |
| 260 |
_aWarszawa : _bSzkoła Główna Handlowa - Oficyna Wydawnicza, _c2005. |
||
| 300 |
_a177 s. : _bwykr. ; _c24 cm. |
||
| 504 | _aBibliogr. przy rozdz. | ||
| 610 | 2 | 9 |
_aUnia Europejska _xa Polska _xgospodarka |
| 650 | 9 |
_aIntegracja europejska _xgospodarka |
|
| 650 | 9 |
_aGlobalizacja _yod 1989 r. |
|
| 650 | 9 |
_aPrzedsiębiorstwo _xkonkurencyjność _yod 2004 r. |
|
| 650 | 9 |
_aInwestycje _xfinanse _zPolska _yod 2004 r. |
|
| 651 | 9 |
_aPolska _xa Unia Europejska _xgospodarka |
|
| 700 | 1 |
_aTKACZYK, Tadeusz Paweł. _eRed. |
|
| 020 | _a8373781463 | ||
| 040 | _cBPK | ||
| 041 | 0 | _apol | |
| 080 | _a658.1/.5:339.13:339.9](438:4-67) | ||
| 920 | _a83-7378-146-3 | ||
| 942 | _cKS | ||
| 008 | s pl f |000 0 pol | ||
| 999 |
_c46540 _d46540 |
||
| 856 |
_uhttp://koha.tu.koszalin.pl/cgi-bin/koha/opac-detail.pl?biblionumber=46540 _yKatalog online BPK |
||